Top 10 Highest Grossing Movies of the '80s - Statistics

General Stats
  • This quiz has been taken 117 times
  • The average score is 5 of 10
Answer Stats
Hint Answer % Correct
$399.8 million E.T.
74%
$309.1 million Star Wars: The Return of the Jedi
73%
$290.2 million Star Wars: The Empire Strikes Back
70%
$210.6 million Back to the Future
68%
$197.2 million Indiana Jones and the Last Crusade
64%
$242.4 million Indiana Jones and the Raiders of the Lost Ark
49%
$176.8 million Top Gun
49%
$238.6 million Ghostbusters
38%
$251.2 million Batman
32%
$234.8 million Beverly Hills Cop
23%
No matching quizzes found
Score Distribution
Percent of People with Each Score
Percentile by Number Answered
Your Score History
You have not taken this quiz